000 00731nas a2200229 4500
001 BR9203506
003 BR-BrBNA
005 20231205092644.0
007 ta
008 230509b bl.|||p| |||| 00| 00por d
040 _aBR-BrBNA
_bpor
_cBiblioteca Nacional de Agricultura
041 _a(Pt)
072 _aL73
100 1 _aRoeche, P.M.
100 1 _aPianta, C.
245 1 _aCryptococcus neoformans (forma assexuada)como causa de encefalite em cao
650 _aCAO
650 _aENCEFALITE
773 0 _tArquivos da Faculdade de Veterinaria da Universidade Federal do Rio Grande do Sul (Brazil)
_xISSN 0101-5230
_g(Dec 1985), v. 13 p. 15-22
_wBR9203506
909 _a202311
_bLúcia
_c55
_dLúcia Elande
942 _2AGRIS
_n0
_cANA
999 _c133186
_d133186